[Event "XVIII Festival Conca della Presolana Magistrale"]
[Site "Bratto - Castione della Presolana ITA"]
[Date "1998.08.??"]
[Round "?"]
[White "Manca, Federico"]
[Black "Morandi, Maurizio"]
[Result "1/2-1/2"]
[WhiteElo "2380"]
[BlackElo "2115"]
[PlyCount "38"]
[EventDate "1998.08.22"]

1. e4 e5 2. Nf3 Nc6 3. Bb5 a6 4. Bxc6 dxc6 5. O-O Bg4 6. h3 h5 7. d3 Bxf3 8.
Qxf3 Qf6 9. Be3 Qxf3 10. gxf3 Bd6 11. Nd2 f6 12. Kh2 g5 13. Nc4 Ne7 14. a4 Ng6
15. a5 Kf7 16. Ra4 Ke6 17. Rd1 Rag8 18. Nxd6 cxd6 19. d4 Nh4 1/2-1/2

[Event "XVIII Festival Conca della Presolana Magistrale"]
[Site "Bratto - Castione della Presolana ITA"]
[Date "1998.08.??"]
[Round "?"]
[White "Manca, Federico"]
[Black "Natalucci, Fabrizio"]
[Result "1/2-1/2"]
[WhiteElo "2380"]
[BlackElo "2215"]
[PlyCount "118"]
[EventDate "1998.08.22"]

1. e4 c5 2. c3 d5 3. exd5 Qxd5 4. d4 Nf6 5. Nf3 Bg4 6. Be2 e6 7. h3 Bh5 8. O-O
Nc6 9. Be3 cxd4 10. cxd4 Bb4 11. Nc3 Qa5 12. Qb3 O-O 13. Rac1 Rfd8 14. Rfd1
Rac8 15. a3 Bxc3 16. Rxc3 Nd5 17. Rc5 Qc7 18. Rdc1 Qb8 19. Qc2 Nce7 20. Bg5 f6
21. Bd2 b6 22. Rxc8 Rxc8 23. Qa4 Rxc1+ 24. Bxc1 Qc7 25. Bd2 Bg6 26. Ne1 Kf7 27.
Bc4 Nf5 28. Bb3 Nd6 29. Bxd5 exd5 30. Bf4 Ke7 31. Qb4 Kd7 32. g3 a5 33. Qxd6+
Qxd6 34. Bxd6 Kxd6 35. Ng2 Be4 36. Ne3 Kc6 37. Kf1 Bf3 38. Ke1 Kb5 39. Kd2 Ka4
40. Kc3 Be4 41. Nc2 Bxc2 42. Kxc2 b5 43. Kc3 b4+ 44. axb4 axb4+ 45. Kc2 f5 46.
h4 g6 47. f3 h6 48. g4 f4 49. h5 g5 50. Kd1 Kb3 51. Kc1 Kc4 52. Kd2 b3 53. Ke2
Kxd4 54. Kd2 Kc4 55. Ke2 d4 56. Kd2 d3 57. Kd1 Kd4 58. Kd2 Kc4 59. Kd1 Kd4
1/2-1/2

[Event "XVIII Festival Conca della Presolana Magistrale"]
[Site "Bratto - Castione della Presolana ITA"]
[Date "1998.08.??"]
[Round "?"]
[White "Marchini, Massimo"]
[Black "Capece, Adolivio"]
[Result "1/2-1/2"]
[WhiteElo "2195"]
[BlackElo "2015"]
[PlyCount "86"]
[EventDate "1998.08.22"]

1. Nf3 c5 2. c4 Nc6 3. d4 cxd4 4. Nxd4 g6 5. e4 Bg7 6. Be3 Nf6 7. Nc3 Ng4 8.
Qxg4 Nxd4 9. Qd1 e5 10. Nb5 O-O 11. Be2 Qa5+ 12. Bd2 Qb6 13. a4 f5 14. exf5
Rxf5 15. O-O a6 16. a5 Qc6 17. Nc3 d6 18. Bd3 Be6 19. Rc1 Rf7 20. Nd5 Rc8 21.
Be4 Qe8 22. Be3 Qd8 23. b4 Qh4 24. f3 Bh6 25. Bf2 Qg5 26. Rc3 Qd2 27. Qxd2 Bxd2
28. Rd3 Ne2+ 29. Kh1 Bg5 30. Re1 Nf4 31. Nxf4 Bxf4 32. c5 dxc5 33. Bxc5 Bg5 34.
Red1 Kg7 35. Rd6 Bb3 36. R1d3 Bc4 37. Rc3 Ba2 38. Ra3 Bc4 39. Ra1 Be7 40. Rb6
Bxc5 41. bxc5 Rxc5 42. Bxb7 Rf6 43. Kg1 Rxa5 1/2-1/2

[Event "XVIII Festival Conca della Presolana Magistrale"]
[Site "Bratto - Castione della Presolana ITA"]
[Date "1998.08.??"]
[Round "?"]
[White "Marchini, Massimo"]
[Black "Caruso, Daniele"]
[Result "1-0"]
[WhiteElo "2195"]
[BlackElo "2135"]
[PlyCount "119"]
[EventDate "1998.08.22"]

1. Nf3 Nf6 2. c4 g6 3. d4 Bg7 4. g3 O-O 5. Bg2 d6 6. O-O Nbd7 7. Nc3 e5 8. e4
c6 9. h3 Qb6 10. Rb1 exd4 11. Nxd4 Ng4 12. Nde2 Nge5 13. Be3 Qc7 14. b3 Nc5 15.
f4 Ned7 16. b4 Na6 17. Qd2 Rd8 18. a3 Nf6 19. Nd4 Be6 20. Nxe6 fxe6 21. Rbc1
Qf7 22. Qe2 Nc7 23. Kh2 d5 24. Rfd1 Rd7 25. e5 Nfe8 26. b5 Bf8 27. bxc6 bxc6
28. cxd5 cxd5 29. a4 a5 30. Qd3 Na6 31. Nb5 Nb4 32. Qe2 Rdd8 33. Bc5 Rdc8 34.
Bxf8 Kxf8 35. Nd4 Qd7 36. Qg4 Ng7 37. Qg5 Qe7 38. Qf6+ Qf7 39. h4 Kg8 40. Bh3
Re8 41. Rc5 Nf5 42. Nb5 Rf8 43. Qxf7+ Rxf7 44. Nc7 Rc8 45. Nxe6 Rxc5 46. Nxc5
Rc7 47. Bxf5 Rxc5 48. Be6+ Kf8 49. Rd2 Ke7 50. Bh3 Rc4 51. Bf1 Rc3 52. Bg2 Ke6
53. Bh3+ Ke7 54. g4 Ra3 55. f5 gxf5 56. gxf5 Rxa4 57. f6+ Ke8 58. e6 Ra2 59.
Rxa2 Nxa2 60. Bg4 1-0

[Event "XVIII Festival Conca della Presolana Magistrale"]
[Site "Bratto - Castione della Presolana ITA"]
[Date "1998.08.??"]
[Round "?"]
[White "Marchini, Massimo"]
[Black "Grosar, Kiti"]
[Result "1/2-1/2"]
[WhiteElo "2195"]
[BlackElo "2290"]
[PlyCount "99"]
[EventDate "1998.08.22"]

1. d4 Nf6 2. Nf3 g6 3. c4 Bg7 4. g3 O-O 5. Bg2 d6 6. O-O Nc6 7. Nc3 a6 8. h3
Na5 9. b3 c5 10. e4 Nd7 11. Be3 Rb8 12. Rc1 b5 13. cxb5 axb5 14. dxc5 dxc5 15.
Bf4 e5 16. Bg5 f6 17. Be3 Kh8 18. Nd5 c4 19. b4 Nc6 20. a4 Ba6 21. Qc2 Ne7 22.
Rfd1 Nxd5 23. Rxd5 bxa4 24. Qxa4 Bc8 25. Rxc4 Nb6 26. Rxd8 Nxa4 27. Rd6 Re8 28.
Bf1 Nb2 29. Rc7 Rxb4 30. Nd2 Nd1 31. Ba7 f5 32. Nc4 Rb1 33. Nb6 Be6 34. Rxe6
Rxe6 35. Rc8+ Bf8 36. Rxf8+ Kg7 37. Rd8 Re7 38. Nc8 Rc7 39. Bd3 Ra1 40. Bb8
Nb2+ 41. Kg2 Rc5 42. Bd6 Nxd3 43. Bxc5 Nxc5 44. exf5 gxf5 45. Rd5 Rc1 46. Rxe5
Nd3 47. Rd5 Ne1+ 48. Kf1 Nf3+ 49. Kg2 Ne1+ 50. Kf1 1/2-1/2

[Event "XVIII Festival Conca della Presolana Magistrale"]
[Site "Bratto - Castione della Presolana ITA"]
[Date "1998.08.??"]
[Round "?"]
[White "Marchini, Massimo"]
[Black "Vancini, Edoardo"]
[Result "1-0"]
[WhiteElo "2195"]
[BlackElo "2260"]
[PlyCount "81"]
[EventDate "1998.08.22"]

1. Nf3 c5 2. c4 Nf6 3. d4 cxd4 4. Nxd4 e5 5. Nc2 d5 6. cxd5 Qxd5 7. Qxd5 Nxd5
8. e4 Nb4 9. Nxb4 Bxb4+ 10. Bd2 Nc6 11. Bb5 Bd7 12. Bxb4 Nxb4 13. Bxd7+ Kxd7
14. Na3 Rac8 15. Ke2 Ke6 16. Rhd1 Rc5 17. Rd2 Rhc8 18. Rad1 R8c6 19. Rd8 Nxa2
20. Re8+ Kf6 21. Rd7 Rb6 22. Ree7 Rxb2+ 23. Kf3 Kg5 24. Kg3 Rc3+ 25. f3 Rxa3
26. Rxf7 Kh5 27. h4 Ra6 28. Kh3 Rg6 29. g4+ Kh6 30. Rf5 Rxg4 31. fxg4 Rb3+ 32.
Kg2 Rb2+ 33. Kf3 Rb3+ 34. Kf2 Rb2+ 35. Ke3 Rb3+ 36. Kd2 Rb2+ 37. Kd1 Nc3+ 38.
Kc1 Re2 39. Rc7 Nxe4 40. Rxe5 g6 41. Rce7 1-0

[Event "XVIII Festival Conca della Presolana Magistrale"]
[Site "Bratto - Castione della Presolana ITA"]
[Date "1998.08.??"]
[Round "?"]
[White "Mascheroni, Maurizio"]
[Black "Bellia, Fabrizio"]
[Result "0-1"]
[WhiteElo "2025"]
[BlackElo "2330"]
[PlyCount "100"]
[EventDate "1998.08.22"]

1. e4 e5 2. Nf3 Nc6 3. Bb5 a6 4. Bxc6 dxc6 5. d4 exd4 6. Qxd4 Qxd4 7. Nxd4 Bd7
8. Be3 c5 9. Ne2 O-O-O 10. Nd2 b6 11. O-O-O Re8 12. Rhe1 Nf6 13. f3 Nd5 14. Bf2
Bb5 15. Nf1 Nb4 16. a3 Nc6 17. Nc3 Bc4 18. Ne3 Be6 19. Ned5 Be7 20. Nxe7+ Nxe7
21. Bg3 f6 22. Rd2 Rd8 23. Rxd8+ Rxd8 24. Rd1 Rxd1+ 25. Kxd1 Kd7 26. Kd2 b5 27.
Bf2 Kc6 28. Ne2 a5 29. Nf4 Bf7 30. c3 c4 31. Ne2 Kd7 32. Bc5 Ng6 33. Bf2 Ne5
34. Nc1 Kd6 35. Bg3 Kc5 36. Bxe5 fxe5 37. Na2 Kb6 38. Ke3 Kc5 39. Kd2 Kd6 40.
Ke3 c5 41. g3 g5 42. Nc1 b4 43. h4 bxa3 44. bxa3 gxh4 45. gxh4 Kc6 46. f4 exf4+
47. Kxf4 Kb5 48. Ke5 Ka4 49. Kd6 Kxa3 50. Kxc5 Kb2 0-1

[Event "XVIII Festival Conca della Presolana Magistrale"]
[Site "Bratto - Castione della Presolana ITA"]
[Date "1998.08.??"]
[Round "?"]
[White "Mascheroni, Maurizio"]
[Black "Esposito, Luca"]
[Result "1/2-1/2"]
[WhiteElo "2025"]
[BlackElo "2200"]
[PlyCount "39"]
[EventDate "1998.08.22"]

1. e4 c5 2. Nf3 d6 3. d3 g6 4. g3 Bg7 5. Bg2 e6 6. O-O Ne7 7. c3 O-O 8. Be3 b6
9. Qd2 Re8 10. h3 Bb7 11. Nh2 f5 12. Bh6 Nd7 13. Bxg7 Kxg7 14. c4 Qc7 15. Nc3
Nf6 16. Rae1 Nc6 17. f4 Nd4 18. Nf3 Nxf3+ 19. Bxf3 a6 20. g4 1/2-1/2

[Event "XVIII Festival Conca della Presolana Magistrale"]
[Site "Bratto - Castione della Presolana ITA"]
[Date "1998.08.??"]
[Round "?"]
[White "Mascheroni, Maurizio"]
[Black "Gorelli Fagiolini, Marco"]
[Result "1/2-1/2"]
[WhiteElo "2025"]
[BlackElo "2235"]
[PlyCount "32"]
[EventDate "1998.08.22"]

1. e4 e6 2. d4 d5 3. Nd2 c5 4. exd5 Qxd5 5. Ngf3 cxd4 6. Bc4 Qd6 7. O-O Nf6 8.
Nb3 Nc6 9. Nbxd4 Nxd4 10. Qxd4 Qxd4 11. Nxd4 Bd7 12. Re1 Rc8 13. Bb3 Bc5 14.
Be3 O-O 15. Nf3 Rfd8 16. Bxc5 Rxc5 1/2-1/2

[Event "XVIII Festival Conca della Presolana Magistrale"]
[Site "Bratto - Castione della Presolana ITA"]
[Date "1998.08.??"]
[Round "?"]
[White "Mascheroni, Maurizio"]
[Black "Morandi, Maurizio"]
[Result "1-0"]
[WhiteElo "2025"]
[BlackElo "2115"]
[PlyCount "119"]
[EventDate "1998.08.22"]

1. e4 e5 2. Nf3 Nc6 3. Bb5 a6 4. Bxc6 dxc6 5. d4 exd4 6. Qxd4 Qxd4 7. Nxd4 c5
8. Nb3 Be6 9. Be3 b6 10. N1d2 O-O-O 11. O-O-O Nf6 12. f3 Be7 13. Nb1 Rxd1+ 14.
Rxd1 Rd8 15. Rxd8+ Bxd8 16. a3 Ne8 17. Nc3 c6 18. Ne2 Bc4 19. Ng3 g6 20. Nd2
Be6 21. Ne2 Bc7 22. Bf4 Nd6 23. Bg3 Nc4 24. Bxc7 Kxc7 25. Nxc4 Bxc4 26. Kd2 Kd6
27. f4 f6 28. g3 Be6 29. Ke3 Bc4 30. Ng1 Be6 31. h3 h5 32. Kf3 b5 33. g4 hxg4+
34. hxg4 a5 35. c3 b4 36. Kg3 Bc4 37. Kf3 Bd3 38. Ke3 Bb1 39. Nf3 Ke6 40. Ne1
Kd6 41. Nd3 bxa3 42. bxa3 Ba2 43. Ne1 Be6 44. f5 gxf5 45. gxf5 Bf7 46. Kf4 Bc4
47. Nc2 Bd3 48. Ne3 Be2 49. Ng2 Bc4 50. Nh4 Bf7 51. Ng6 Bb3 52. e5+ fxe5+ 53.
Nxe5 Bd5 54. f6 Ke6 55. c4 Kxf6 56. cxd5 cxd5 57. Nd7+ Ke6 58. Nxc5+ Kd6 59.
Nd3 a4 60. Ke3 1-0

[Event "XVIII Festival Conca della Presolana Magistrale"]
[Site "Bratto - Castione della Presolana ITA"]
[Date "1998.08.??"]
[Round "?"]
[White "Mauro, Alan"]
[Black "Bancod, Ronald"]
[Result "0-1"]
[WhiteElo "2260"]
[BlackElo "2400"]
[PlyCount "72"]
[EventDate "1998.08.22"]

1. e4 c5 2. Nf3 d6 3. c3 Nf6 4. Bd3 e5 5. Bc2 Be7 6. h3 O-O 7. O-O Qc7 8. d4
Nbd7 9. Re1 Re8 10. Nbd2 Bf8 11. d5 g6 12. Nf1 Bg7 13. Bg5 c4 14. Qd2 Nc5 15.
b4 cxb3 16. axb3 Ncd7 17. c4 Nh5 18. Be3 Nf4 19. Ra2 a5 20. Bxf4 exf4 21. Nd4
Qc5 22. Nb5 Ne5 23. Rxa5 Bxh3 24. Rxa8 Rxa8 25. Qxf4 Bd7 26. Qe3 Qb4 27. Qc3
Nf3+ 28. Qxf3 Qxe1 29. Nxd6 Rf8 30. Nxb7 Qb4 31. c5 Qxb7 32. c6 Qc7 33. Ne3 Bc8
34. Bd3 Bd4 35. Nc4 Ba6 36. Na3 Ra8 0-1

[Event "XVIII Festival Conca della Presolana Magistrale"]
[Site "Bratto - Castione della Presolana ITA"]
[Date "1998.08.??"]
[Round "?"]
[White "Mauro, Alan"]
[Black "Efimov, Igor"]
[Result "0-1"]
[WhiteElo "2260"]
[BlackElo "2530"]
[PlyCount "82"]
[EventDate "1998.08.22"]

1. e4 c5 2. Nf3 e6 3. d4 cxd4 4. Nxd4 a6 5. Bd3 g6 6. O-O Bg7 7. c3 Ne7 8. f4
Nbc6 9. f5 Nxd4 10. f6 Bxf6 11. Rxf6 Ndc6 12. Kh1 Nf5 13. Bg5 Nfe7 14. Rf1 h6
15. Bf6 Rh7 16. Nd2 d6 17. a4 Qc7 18. Qe2 Ng8 19. Bh4 Ne5 20. Nc4 Bd7 21. a5 g5
22. Bg3 h5 23. Nb6 Rd8 24. Nxd7 Rxd7 25. Bc2 Rd8 26. Qe3 Rg7 27. Ba4+ Kf8 28.
Bb3 Rg6 29. Bxe5 dxe5 30. Qh3 Nf6 31. Qe3 Kg7 32. Rf3 g4 33. Rf2 g3 34. Rf3 Ng4
35. Qe1 Nf2+ 36. Kg1 Qc5 37. Qe3 gxh2+ 38. Kxf2 Rd2+ 39. Ke1 Qxe3+ 40. Rxe3
h1=Q+ 41. Kxd2 Qxa1 0-1

[Event "XVIII Festival Conca della Presolana Magistrale"]
[Site "Bratto - Castione della Presolana ITA"]
[Date "1998.08.??"]
[Round "?"]
[White "Mauro, Alan"]
[Black "Ruzzier, Dario"]
[Result "1-0"]
[WhiteElo "2260"]
[BlackElo "2090"]
[PlyCount "119"]
[EventDate "1998.08.22"]

1. e4 e5 2. Nf3 Nc6 3. Bb5 a6 4. Ba4 Nf6 5. Qe2 Bc5 6. c3 O-O 7. d3 b5 8. Bb3
d5 9. Bg5 dxe4 10. dxe4 Qd6 11. O-O Na5 12. Bc2 Nc6 13. b4 Bb6 14. a4 Rb8 15.
Na3 bxa4 16. Nc4 Qe6 17. Bxa4 Bb7 18. Bxf6 Qxf6 19. Ne3 Rbd8 20. Nd5 Qe6 21.
Qc4 Rd6 22. Bb3 Qg4 23. h3 Qh5 24. Qe2 Rg6 25. Kh2 Bc8 26. Ng1 Qg5 27. Qf3 Kh8
28. Ba4 f5 29. Rad1 f4 30. Nxb6 cxb6 31. Bxc6 Rxc6 32. Rd5 Rh6 33. Rfd1 Bg4 34.
Qd3 Bxd1 35. Qxd1 Rg6 36. Qf1 h6 37. Nf3 Qe7 38. Qxa6 Re6 39. Qb5 Re8 40. Rd7
Qf6 41. Qd5 Rc6 42. c4 Qe6 43. Nxe5 Rcc8 44. Nf7+ Kh7 45. Rb7 Rc6 46. Qd4 Qf6
47. e5 Qf5 48. Nd6 Qxe5 49. Qd3+ Kg8 50. Nxe8 f3+ 51. g3 Qxe8 52. Rd7 Qg6 53.
Qxf3 Rf6 54. Qe2 Qf5 55. Rd8+ Kh7 56. Kg2 Re6 57. Qd3 Qe4+ 58. Qxe4+ Rxe4 59.
Rc8 b5 60. Kf3 1-0

[Event "XVIII Festival Conca della Presolana Magistrale"]
[Site "Bratto - Castione della Presolana ITA"]
[Date "1998.08.??"]
[Round "?"]
[White "Menoni, Vincenzo"]
[Black "Braghetta, Sergio"]
[Result "0-1"]
[WhiteElo "2285"]
[BlackElo "2235"]
[PlyCount "58"]
[EventDate "1998.08.22"]

1. e4 c5 2. Nf3 d6 3. d4 cxd4 4. Nxd4 Nf6 5. Nc3 a6 6. f4 e5 7. Nf3 Nbd7 8. a4
Be7 9. Bd3 O-O 10. O-O Nc5 11. Kh1 exf4 12. Bxf4 Bg4 13. Qe1 Bh5 14. Rd1 Bg6
15. Nh4 Qb6 16. Nxg6 hxg6 17. b3 Ne6 18. Be3 Qc6 19. Nd5 Rae8 20. Nxe7+ Rxe7
21. Qh4 Nc5 22. Rf3 Re5 23. Bxc5 dxc5 24. Qf4 Rfe8 25. h4 b5 26. axb5 axb5 27.
c3 Qe6 28. Bxb5 Rxe4 29. Qg5 Qxb3 0-1

[Event "XVIII Festival Conca della Presolana Magistrale"]
[Site "Bratto - Castione della Presolana ITA"]
[Date "1998.08.??"]
[Round "?"]
[White "Menoni, Vincenzo"]
[Black "Eynard, Valdo"]
[Result "1-0"]
[WhiteElo "2285"]
[BlackElo "2085"]
[PlyCount "51"]
[EventDate "1998.08.22"]

1. e4 c6 2. d4 d5 3. e5 Bf5 4. Nf3 e6 5. Be2 c5 6. Be3 Nd7 7. O-O Qb6 8. Nc3 c4
9. Rb1 Qc6 10. Nh4 Bg6 11. b3 Nb6 12. Nxg6 hxg6 13. a4 a6 14. a5 cxb3 15. axb6
Qxc3 16. Rxb3 Qc6 17. Qa1 Rc8 18. Rc1 Qd7 19. c4 Ne7 20. cxd5 Nxd5 21. Rxc8+
Qxc8 22. Bxa6 bxa6 23. b7 Qb8 24. Qa4+ Kd8 25. Bd2 Bb4 26. Bxb4 1-0

[Event "XVIII Festival Conca della Presolana Magistrale"]
[Site "Bratto - Castione della Presolana ITA"]
[Date "1998.08.??"]
[Round "?"]
[White "Menoni, Vincenzo"]
[Black "Marchini, Massimo"]
[Result "1-0"]
[WhiteElo "2285"]
[BlackElo "2195"]
[PlyCount "55"]
[EventDate "1998.08.22"]

1. e4 c5 2. Nf3 Nc6 3. d4 cxd4 4. Nxd4 Qb6 5. Nb3 e6 6. Nc3 Nf6 7. Be3 Qc7 8.
a3 d6 9. f4 a6 10. Bd3 b5 11. O-O Bb7 12. Qf3 h5 13. h3 O-O-O 14. Qf2 Nd7 15.
a4 b4 16. Nb5 Qb8 17. N5d4 Nxd4 18. Bxd4 Qc7 19. Qe2 a5 20. Ba6 Nc5 21. Bxc5
dxc5 22. Bxb7+ Kxb7 23. Qb5+ Ka8 24. Nxa5 Rd6 25. Nc4 Rd8 26. Ne5 Rc8 27. Rfd1
c4 28. Qa6+ 1-0

[Event "XVIII Festival Conca della Presolana Magistrale"]
[Site "Bratto - Castione della Presolana ITA"]
[Date "1998.08.??"]
[Round "?"]
[White "Menoni, Vincenzo"]
[Black "Trentini, Danilo"]
[Result "1-0"]
[WhiteElo "2285"]
[BlackElo "2165"]
[PlyCount "51"]
[EventDate "1998.08.22"]

1. e4 c6 2. d4 d5 3. e5 Bf5 4. Nf3 e6 5. Be2 c5 6. Be3 Nd7 7. O-O Ne7 8. c4
cxd4 9. Bxd4 dxc4 10. Na3 Bd3 11. Nxc4 Bxc4 12. Bxc4 Nc6 13. Bb5 Nb4 14. Qb3
Nd5 15. Rfd1 a6 16. Bc4 N5b6 17. Bd3 Bc5 18. Bxc5 Nxc5 19. Bb5+ Nbd7 20. Bxd7+
Qxd7 21. Qc3 Qb5 22. Rac1 Na4 23. Qa3 Rd8 24. Rxd8+ Kxd8 25. Qd6+ Qd7 26. Qb8+
1-0

[Event "XVIII Festival Conca della Presolana Magistrale"]
[Site "Bratto - Castione della Presolana ITA"]
[Date "1998.08.??"]
[Round "?"]
[White "Mione, Dario"]
[Black "Esposito, Luca"]
[Result "1-0"]
[WhiteElo "2300"]
[BlackElo "2200"]
[PlyCount "65"]
[EventDate "1998.08.22"]

1. Nf3 d5 2. d4 Nf6 3. g3 c6 4. Bg2 Bg4 5. Nbd2 Nbd7 6. c4 e6 7. b3 Bd6 8. Bb2
Qb8 9. O-O O-O 10. Re1 Bf5 11. Nh4 Ne4 12. Nxe4 dxe4 13. Qc2 Nf6 14. f3 exf3
15. Nxf5 f2+ 16. Kxf2 Ng4+ 17. Kg1 exf5 18. Qxf5 Ne3 19. Qd3 Bxg3 20. Qxe3
Bxh2+ 21. Kf2 Re8 22. Qf3 Re6 23. d5 cxd5 24. cxd5 Rg6 25. Rf1 Rg3 26. Qe4 Rg6
27. Qf3 Rg3 28. Qf5 Rg6 29. Bf3 Bg3+ 30. Ke3 Qe8+ 31. Kd2 Qb5 32. Bh5 Qb4+ 33.
Bc3 1-0

[Event "XVIII Festival Conca della Presolana Magistrale"]
[Site "Bratto - Castione della Presolana ITA"]
[Date "1998.08.??"]
[Round "?"]
[White "Mione, Dario"]
[Black "Farina, Saverio"]
[Result "1/2-1/2"]
[WhiteElo "2300"]
[BlackElo "2170"]
[PlyCount "23"]
[EventDate "1998.08.22"]

1. Nf3 d5 2. d4 c5 3. c3 Nc6 4. e3 Nf6 5. Nbd2 Bg4 6. dxc5 e6 7. b4 Be7 8. Bb5
O-O 9. Bxc6 bxc6 10. Bb2 Qc7 11. h3 Bh5 12. Qb3 1/2-1/2

[Event "XVIII Festival Conca della Presolana Magistrale"]
[Site "Bratto - Castione della Presolana ITA"]
[Date "1998.08.??"]
[Round "?"]
[White "Mione, Dario"]
[Black "Godena, Michele"]
[Result "0-1"]
[WhiteElo "2300"]
[BlackElo "2510"]
[PlyCount "121"]
[EventDate "1998.08.22"]

1. Nf3 d5 2. d4 c6 3. g3 Bg4 4. Nbd2 Nd7 5. Bg2 e6 6. c4 Ngf6 7. b3 Be7 8. Bb2
O-O 9. O-O a5 10. a3 Qb8 11. Re1 b5 12. c5 Rd8 13. Qc1 h6 14. b4 Bf5 15. Qc3
Ne4 16. Nxe4 Bxe4 17. Nd2 Bxg2 18. Kxg2 Qc7 19. Nb3 a4 20. Nd2 f5 21. f4 Nf6
22. Nf3 Ne4 23. Qc2 Kh7 24. h4 Rg8 25. Rh1 g6 26. Rag1 Rg7 27. e3 Rh8 28. Bc3
Kg8 29. Be1 Kf7 30. Kf1 Ke8 31. g4 fxg4 32. Rxg4 Bf6 33. Nd2 Nxd2+ 34. Qxd2 Qf7
35. Qf2 Bd8 36. Rg2 Rhg8 37. Rhh2 Qf5 38. Qc2 Kf7 39. Qxf5+ exf5 40. Ke2 Bf6
41. Kf3 Re8 42. Bg3 Re4 43. Re2 Rg8 44. Rhg2 Rge8 45. Be1 Bd8 46. Bg3 Bf6 47.
Be1 Rh8 48. Rh2 g5 49. hxg5 hxg5 50. Rxh8 g4+ 51. Kf2 Bxh8 52. Kf1 Bf6 53. Bg3
Re8 54. Kf2 Rh8 55. Kg1 Rh3 56. Rg2 Kg6 57. Bf2 Kh5 58. Bg3 Bh4 59. Bf2 Bxf2+
60. Kxf2 Kh4 61. Ke2 0-1

[Event "XVIII Festival Conca della Presolana Magistrale"]
[Site "Bratto - Castione della Presolana ITA"]
[Date "1998.08.??"]
[Round "?"]
[White "Mione, Dario"]
[Black "Moncelli, Giorgio"]
[Result "1-0"]
[WhiteElo "2300"]
[BlackElo "2170"]
[PlyCount "65"]
[EventDate "1998.08.22"]

1. Nf3 Nf6 2. c4 g6 3. b3 Bg7 4. Bb2 O-O 5. d4 d6 6. Nbd2 Nbd7 7. g3 e5 8. dxe5
Ng4 9. Bg2 Ngxe5 10. Qc2 Re8 11. O-O a5 12. a3 Qe7 13. Rfe1 c6 14. Rad1 Nc5 15.
Nd4 Bd7 16. h3 f5 17. Bc3 Bf6 18. f4 Nf7 19. e4 Qf8 20. exf5 Qg7 21. Ne6 Nxe6
22. Bxf6 Qxf6 23. fxe6 Bxe6 24. Ne4 Qg7 25. g4 Rad8 26. Qf2 a4 27. Qh4 g5 28.
fxg5 Re7 29. g6 Ne5 30. gxh7+ Kh8 31. Nxd6 Red7 32. c5 axb3 33. Qg3 1-0

[Event "XVIII Festival Conca della Presolana Magistrale"]
[Site "Bratto - Castione della Presolana ITA"]
[Date "1998.08.??"]
[Round "?"]
[White "Molina, Fabrizio"]
[Black "Alberton, Roberto"]
[Result "1/2-1/2"]
[WhiteElo "2290"]
[BlackElo "2140"]
[PlyCount "62"]
[EventDate "1998.08.22"]

1. c4 d6 2. Nc3 f5 3. g3 Nf6 4. Bg2 g6 5. e3 Bg7 6. Nge2 O-O 7. Rb1 e5 8. d3 c6
9. O-O Be6 10. b3 Na6 11. Qd2 Bf7 12. Bb2 Rb8 13. Kh1 d5 14. cxd5 Nxd5 15. d4
exd4 16. Nxd4 Nxc3 17. Bxc3 Bd5 18. Rfd1 Bxg2+ 19. Kxg2 Qd5+ 20. Kg1 Nc5 21.
Qe2 Ne4 22. Ba1 Rbd8 23. Qc4 Rfe8 24. Qxd5+ Rxd5 25. Nf3 Rxd1+ 26. Rxd1 Bxa1
27. Rxa1 Rd8 28. Rc1 Rd5 29. Rc2 Rc5 30. Rxc5 Nxc5 31. Ne5 Ne4 1/2-1/2

[Event "XVIII Festival Conca della Presolana Magistrale"]
[Site "Bratto - Castione della Presolana ITA"]
[Date "1998.08.??"]
[Round "?"]
[White "Molina, Fabrizio"]
[Black "Arlandi, Ennio"]
[Result "1/2-1/2"]
[WhiteElo "2290"]
[BlackElo "2440"]
[PlyCount "59"]
[EventDate "1998.08.22"]

1. c4 g6 2. Nc3 Bg7 3. g3 e5 4. Bg2 d6 5. Rb1 f5 6. e3 Nf6 7. d3 O-O 8. Nge2
Nc6 9. b4 g5 10. b5 Ne7 11. f4 h6 12. O-O Kh8 13. c5 dxc5 14. Ba3 exf4 15. gxf4
Nfd5 16. Nxd5 Nxd5 17. Bxc5 Re8 18. Qd2 a6 19. fxg5 hxg5 20. e4 fxe4 21. Bxe4
axb5 22. Ng3 Nc3 23. Qf2 Be6 24. Nf5 Rxa2 25. Qe3 Bxf5 26. Rxf5 Nxe4 27. dxe4
Qd2 28. Qh3+ Kg8 29. Qb3+ Kh7 30. Qh3+ 1/2-1/2

[Event "XVIII Festival Conca della Presolana Magistrale"]
[Site "Bratto - Castione della Presolana ITA"]
[Date "1998.08.??"]
[Round "?"]
[White "Molina, Fabrizio"]
[Black "Natalucci, Fabrizio"]
[Result "1/2-1/2"]
[WhiteElo "2290"]
[BlackElo "2215"]
[PlyCount "101"]
[EventDate "1998.08.22"]

1. c4 f5 2. Nc3 Nf6 3. g3 e6 4. Bg2 d5 5. d3 c6 6. cxd5 exd5 7. Nf3 Be7 8. O-O
O-O 9. a3 Na6 10. b4 Nc7 11. Bb2 Be6 12. Nd4 Qd7 13. Qd2 Rad8 14. Na4 Bf7 15.
Rac1 Bg6 16. Rc2 Ne6 17. Rfc1 Rfe8 18. e3 Bf8 19. Nxe6 Qxe6 20. Bd4 a6 21. Nb6
Nd7 22. a4 Nxb6 23. Bxb6 Rd7 24. Bd4 h6 25. h4 Bh5 26. Rb1 Rc8 27. Qc1 Bd6 28.
Qb2 Re7 29. Rbc1 Ra8 30. Qb3 Be5 31. Bc5 Rd7 32. b5 axb5 33. axb5 Bf7 34. d4
Bf6 35. bxc6 bxc6 36. Ra2 Rxa2 37. Qxa2 Kh7 38. Qa6 Be8 39. Ba7 Rf7 40. Bh3 g5
41. hxg5 hxg5 42. Qd3 Bg7 43. Bc5 Rf6 44. g4 Qe4 45. Qxe4 fxe4 46. Ra1 Bf8 47.
Ra7+ Kg6 48. Bxf8 Rxf8 49. Bf1 Rf7 50. Rxf7 Kxf7 51. f3 1/2-1/2

[Event "XVIII Festival Conca della Presolana Magistrale"]
[Site "Bratto - Castione della Presolana ITA"]
[Date "1998.08.??"]
[Round "?"]
[White "Moncelli, Giorgio"]
[Black "Giretti Kanev, Jasen"]
[Result "1/2-1/2"]
[WhiteElo "2170"]
[BlackElo "2150"]
[PlyCount "45"]
[EventDate "1998.08.22"]

1. d4 Nf6 2. c4 e6 3. Nc3 d5 4. Bg5 Be7 5. e3 O-O 6. Nf3 h6 7. Bh4 b6 8. Bd3
Bb7 9. O-O Nbd7 10. Rc1 c5 11. Qe2 Ne4 12. Bxe7 Qxe7 13. cxd5 exd5 14. Ba6 Bc6
15. dxc5 bxc5 16. Rfd1 Nef6 17. b3 Rfd8 18. Rc2 Nb6 19. Bb5 Bb7 20. Ba6 Bc6 21.
Bb5 Bb7 22. Ba6 Bc6 23. Bb5 1/2-1/2

[Event "XVIII Festival Conca della Presolana Magistrale"]
[Site "Bratto - Castione della Presolana ITA"]
[Date "1998.08.??"]
[Round "?"]
[White "Moncelli, Giorgio"]
[Black "Schiappacasse, Marcello"]
[Result "1-0"]
[WhiteElo "2170"]
[BlackElo "2095"]
[PlyCount "61"]
[EventDate "1998.08.22"]

1. Nf3 Nf6 2. g3 d5 3. Bg2 c6 4. O-O Bg4 5. b3 Nbd7 6. Bb2 e6 7. d3 Bd6 8. Nbd2
O-O 9. c4 Re8 10. Qc2 Rc8 11. e4 e5 12. h3 Bh5 13. Nh4 Bb8 14. Rac1 Nf8 15.
Rfe1 Bg6 16. Nf1 d4 17. Nh2 Ne6 18. Rf1 Qd7 19. N2f3 c5 20. Rce1 Nh5 21. Bc1 f6
22. Nf5 Nf8 23. N3h4 Bf7 24. Bf3 Ne6 25. Qd1 g6 26. Nh6+ Kh8 27. Bxh5 gxh5 28.
Qf3 Bg6 29. Qxf6+ Qg7 30. Qf3 Rf8 31. N6f5 1-0